Airbus A340 Betreiber - Statistiken

Allgemein
  • Dieses Quiz wurde 53 mal gespielt
  • Das Durchschnittsergebnis liegt bei 3 aus 18
Antwortstatistiken
Land Airline % Korrekt
Deutschland Lufthansa
100%
Schweiz Swiss
85%
Schweiz Edelweiss Air
30%
Iran Mahan Air
15%
Malta Hi Fly Malta
9%
Afghanistan Kam Air
9%
Venezuela Conviasa
7%
Rumänien Legend Airlines
4%
Suriname Surinam Airways
4%
Aserbaidschan AZAL Azerbaijan Airlines
2%
Malta Maleth-Aero
2%
Spanien Plus Ultra
2%
Indien Spicejet
2%
Syrien Syrian Arab Airlines
2%
Malta Air X Charter
0%
Nigeria Azman Air
0%
Vereinigtes Königreich European Cargo
0%
Iran Iran Aseman Airlines
0%
Keine übereinstimmenden Quizze gefunden
Verteilung der Resultate
Anzahl Personen mit jedem Resultat
Perzentil nach korrekt beantworteten Fragen
Ihre Resultats-Entwicklung
Sie haben dieses Quiz noch nicht gespielt